LEADER 01138nas a2200217 i 4500 001 000000000224 003 CaOOAMICUS 005 20180830125433.0 008 180830s1962 it u0 ita u 040 $aSeMil$bita 245 10$aBiblioteca di storia contemporanea /$cdiretta da Gabriele De Rosa. 260 $aBrescia :$bMorcelliana,$c1962. 300 $av. ;$c23 cm. 500 $aFormata da varie sezioni. 700 1 $aDe Rosa, Gabriele,$d<1917-2009>.$0(OLS)http://semarc/name/220 774 0 $tBiblioteca di storia contemporanea. Sez. 1, Il movimento cattolico in Italia e in Europa.$dBrescia : Morcelliana, [196?]$w()17835 774 0 $tBiblioteca di storia contemporanea. Sez. 3, Partiti e ideologie.$dBrescia : Morcelliana, 1963.$w()19516 774 0 $tBiblioteca di storia contemporanea. Sez. 2, Saggi e testimonianze.$dBrescia : Morcelliana, [196?]$w()22306 774 0 $tBiblioteca di storia contemporanea. Sez. 4., Economia e politica.$dBrescia : Morcelliana, 1965.$w()31665 996 $6245$aBiblioteca di storia contemporanea$9(OLS)http://semarc/title/375 996 $6260$aBrescia :$bMorcelliana$9(OLS)http://semarc/publisher/29629 LEADER 01232nam a2200289 i 4500 001 000000077333 003 CaOOAMICUS 005 20210413101811.0 008 020419s1989 fr u000 u fre u 013 $a48505 020 $a2-7073-0066-7 040 $aSeMil$bita 100 1 $aBenveniste, Émile,$d<1902-1976>.$0(OLS)http://semarc/name/3716 245 10$a2: Pouvoir, droit, religion /$cÉmile Benveniste ; sommaires, tableau et index étabils par Jean Lallot. 264 1$aParis :$bMinuit,$c1989. 300 $a339 p. ;$c22 cm. 490 1 $aLe sens commun 700 1 $aLallot, Jean.$0(OLS)http://semarc/name/113481 773 0 $aBenveniste, Émile <1902-1976>$tVocabulaire des institutions indo-européennes.$dParis : Minuit, 1989-1998.$kSens commun$g2$w()7101 830 3$aLe sens commun.$0(OLS)http://semarc/title/9523 850 $aSeMil 852 $aSeMil$W1$xVenegono$y1$m1P III 10$j245684$B43485$CSeMilBibl$Z2$F71462 $81 961 $aAcquisto: La Procure (Libreria) 996 $6020$a2-7073-0066-7$9(OLS)http://semarc/number/58935 996 $6245$a2: Pouvoir, droit, religion$9(OLS)http://semarc/title/125563 996 $6264$aParis :$bMinuit$9(OLS)http://semarc/publisher/31943